| 000 | 01134nam a2200397 a 4500 | ||
|---|---|---|---|
| 001 | 22578 | ||
| 003 | SK-KTurca | ||
| 005 | 20260401140935.0 | ||
| 008 | 240226s1995 xo a ra slo | ||
| 015 | _aSNBA1996/0300749 | ||
| 020 | _a8085405156 | ||
| 035 | _aSNK000117396 | ||
| 035 | _aurn:nbn:sk:snk-amk1so | ||
| 035 | _aurn:nbn:sk:snk-am00868h | ||
| 035 | _a2021BDF1-1C1B-4217-999E-ED38ADA17FF7 | ||
| 040 |
_aSNK _bslo _cSNK _eAACR2 |
||
| 041 | 1 |
_aslo _hger |
|
| 044 |
_axo _cSK |
||
| 080 |
_a830-3 _21981 |
||
| 080 |
_a821.112.2-31 _22001 |
||
| 100 | 1 |
_aMay, Karl, _d1842-1912 _4aut |
|
| 245 | 1 | 0 |
_aVianoce _cKarl May |
| 250 | _a2. vyd. | ||
| 260 |
_aBratislava _bDon Bosco _c1995 |
||
| 300 |
_a351 s. _bIlustr. _c19 cm |
||
| 490 | 1 | _aWestern | |
| 500 | _aIlustr. na tit. strane | ||
| 500 | _aZ nemeckého originálu preložila Marta Hollá | ||
| 655 | 7 |
_anemecké romány _2SNKPH |
|
| 655 | 7 |
_adobrodružné romány _2SNKPH |
|
| 700 | 1 |
_aHollá, Marta _c(prekladateľka) _4trl |
|
| 700 | 1 |
_aMartiška, Juraj, _d1969- _4ill |
|
| 830 | 0 | _aWestern | |
| 911 |
_aKN 1996/03 _b00749 _c00777 |
||
| 942 |
_2ddc _cKLDO _n0 |
||
| 999 |
_c22578 _d22578 |
||